000 00794nam a22002777a 4500
001 BR8800321
003 BR-BrBNA
005 20230928092828.0
007 ta
008 230509b bl.||||| |||| 00| 0 por d
040 _aBR-BrBNA
_bpor
_cBiblioteca Nacional de Agricultura
041 _a(Por)
072 _aF01
_b1930
_b1950
090 _ 1930 BR8800321
110 1 _aDINAGRO Agropecuaria Ltda., Ribeirao Preto, SP (Brasil)
_93411
245 1 _aGramineas e leguminosas. Essa dupla vai dobrar o seu lucro. Sementes DINAGRO
260 3 _aRibeirao Preto, SP (Brasil):
_c[nd].
300 _a15 p.
500 _aPublished after 1980?
650 _aGRAMINEA
650 _aLEGUMINOSA
650 _aSEMENTE
650 _aRENDIMENTO
909 _a202309
_bLucia
_c55
_dLucia Elande
942 _cBK
999 _c41436
_d41436